000 00310nam a22001337a 4500
008 170508b xxu||||| |||| 00| 0 eng d
020 _a9780395472835
041 _aeng
080 _25TH
_a34
100 _a15
101 _aSHJ
245 _aINTRODUCTION TO LAW & THE LEGAL SYSTEM
_cGRILLIOT
942 _2udc
_cBK
999 _c12930
_d12930